Project management: projektové riadenie alebo riadenie projektov?

Projektové riadenie - samostatná oblasť manažmentu. Anglický výraz Project management možno chápať dvoma spôsobmi: projektové riadenie alebo riadenie projektov. Podstata a poslanie projektového riadenia. Oblasti použitia.

Na minha lista:
Detalhes bibliográficos
Autor principal: Slamková, E.
Formato: Capítulo de Livro
Idioma:eslovaco
Assuntos:
Tags: Adicionar Tag
Sem tags, seja o primeiro a adicionar uma tag!

MARC

LEADER 00000naa a2200000 4500
001 r024247
005 20221213082525.0
041 0 |a slo 
044 |a CZ 
245 1 0 |a Project management: projektové riadenie alebo riadenie projektov?  |c E. Slamková 
520 |a Projektové riadenie - samostatná oblasť manažmentu. Anglický výraz Project management možno chápať dvoma spôsobmi: projektové riadenie alebo riadenie projektov. Podstata a poslanie projektového riadenia. Oblasti použitia. 
610 2 0 |a manažment 
610 2 0 |a projekty 
610 2 0 |a riadenie 
100 1 |a Slamková, E.